[Event "NOR-ch Youth 2019"]
[Site "Skien"]
[Date "2019.11.10"]
[Round "7.16"]
[White "Olsen, William Alexander"]
[Black "Rekdal, Yngve Mahle"]
[Result "1-0"]
[WhiteElo "1842"]
[BlackElo "1213"]
[Annotator "NA"]
[PlyCount "61"]
[EventDate "2019.11.08"]
[EventType "swiss"]
[EventCountry "NOR"]
[SourceTitle "playchess.com"]
[Source "ChessBase"]
[SourceQuality "1"]
[TimeControl "5400+30"]

{[%evp 8,33,22,15,25,6,11,16,22,9,11,12,12,0,30,0,1,4,15,14,23,23,32767,32767,154,141,150,81]} 1. Nf3 {[%emt 0:00:00]} d5 {[%emt 0:00:00]} 2. c4 {[%emt 0:00:00]} e6 {[%emt 0:00:00]} 3. g3 {[%emt 0:00:00]} Nf6 {[%emt 0:00:00]} 4. Bg2 {[%emt 0:00:04]} Be7 {[%emt 0:00:09]} 5. O-O {[%emt 0:00:07]} O-O {[%emt 0:00:29]} 6. d4 {[%emt 0:00:23]} b6 {[%emt 0:00:24]} 7. Nc3 {[%emt 0:00:44]} Bb7 {[%emt 0:00:17]} 8. Ne5 {[%emt 0:00:49]} Nbd7 {[%emt 0:01:16]} 9. Bf4 {[%emt 0:01:09]} c5 {[%emt 0:00:30]} 10. cxd5 {[%emt 0:00:48]} exd5 {[%emt 0:00:41]} 11. dxc5 {[%emt 0:00:07]} Nxc5 {[%emt 0:00:15]} 12. Rc1 {[%emt 0:00:58]} Ne6 {[%emt 0:00:44]} 13. Qb3 {[%emt 0:01:01]} Nxf4 {[%emt 0:00:44]} 14. gxf4 {[%emt 0:00:02]} Rb8 {[%emt 0:07:23]} 15. Rfd1 {[%emt 0:03:12]} d4 {[%emt 0:02:26]} ({Better is} 15... Bd6 $14) 16. Bxb7 {[%emt 0:00:39]} Rxb7 $16 {[%emt 0:00:06]} 17. e3 {[%emt 0:00:41]} Bc5 {[%emt 0:11:30]} 18. Ne2 {[%emt 0:03:08]} Ne4 {[%emt 0:03:10]} 19. Qc2 {[%emt 0:00:16]} Nxf2 {[%emt 0:03:33]} 20. Kxf2 {[%emt 0:00:52]} Qh4+ {[%emt 0:02:48]} 21. Kg2 {[%emt 0:00:31]} dxe3 {[%emt 0:00:27]} 22. Rf1 {[%emt 0:00:48]} f6 {[%emt 0:07:06]} 23. Qc4+ {[%emt 0:01:15]} Kh8 {[%emt 0:00:13]} 24. Nf3 {[%emt 0:00:18]} Qg4+ {[%emt 0:00:32]} 25. Ng3 {[%emt 0:02:40]} Bd6 {[%emt 0:03:15]} 26. f5 {[%emt 0:01:18]} Bf4 {[%emt 0:08:51]} 27. Qe4 {[%emt 0:01:22]} Rd7 {[%emt 0:07:27]} 28. Rc4 {[%emt 0:01:26]} Rfd8 {[%emt 0:02:26]} 29. Qxf4 {[%emt 0:02:16]} Qxf4 {[%emt 0:02:23]} 30. Rxf4 {[%emt 0:00:15]} Rd2+ {[%emt 0:01:04]} 31. Nxd2 {[%emt 0:00:25]} 1-0

[Event "NOR-ch Youth 2019"]
[Site "Skien"]
[Date "2019.11.10"]
[Round "7.18"]
[White "Digernes, Mikael"]
[Black "Steensen, Oskar"]
[Result "0-1"]
[WhiteElo "1715"]
[BlackElo "1457"]
[Annotator "NA"]
[PlyCount "120"]
[EventDate "2019.11.08"]
[EventType "swiss"]
[EventCountry "NOR"]
[SourceTitle "playchess.com"]
[Source "ChessBase"]
[SourceQuality "1"]
[TimeControl "5400+30"]

1. e4 {[%emt 0:00:00]} e5 {[%emt 0:00:00]} 2. Nf3 {[%emt 0:00:00]} Nc6 {[%emt 0:00:00]} 3. Bc4 {[%emt 0:00:00]} Nf6 {[%emt 0:00:00]} 4. d3 {[%emt 0:00:19]} Be7 {[%emt 0:00:35]} 5. O-O {[%emt 0:00:41]} O-O {[%emt 0:00:09]} 6. c3 {[%emt 0:00:09]} d5 {[%emt 0:00:35]} 7. exd5 {[%emt 0:00:32]} Nxd5 {[%emt 0:00:15]} 8. Re1 {[%emt 0:00:58]} Bf6 {[%emt 0:00:58]} 9. Nbd2 {[%emt 0:01:45]} Bf5 {[%emt 0:01:35]} 10. Ne4 {[%emt 0:07:12]} Nb6 {[%emt 0:01:13]} 11. Bb3 {[%emt 0:04:38]} h6 {[%emt 0:02:29]} 12. Be3 {[%emt 0:03:03]} Bxe4 {[%emt 0:03:56]} 13. dxe4 {[%emt 0:00:43]} Qxd1 {[%emt 0:00:04]} 14. Raxd1 {[%emt 0:00:44]} Rad8 {[%emt 0:00:48]} 15. Bd5 {[%emt 0:01:59]} Na5 {[%emt 0:02:08]} 16. b4 {[%emt 0:11:57]} Nxd5 {[%emt 0:01:19]} 17. exd5 {[%emt 0:07:17]} Nc4 {[%emt 0:01:19]} 18. Bc5 {[%emt 0:04:33]} Rfe8 {[%emt 0:00:36]} 19. Re4 {[%emt 0:00:19]} b5 {[%emt 0:00:40]} 20. Ne1 {[%emt 0:09:29]} Be7 {[%emt 0:03:03]} 21. Nc2 {[%emt 0:11:00]} c6 {[%emt 0:01:19]} 22. Ne3 {[%emt 0:14:27]} Bxc5 {[%emt 0:01:04]} 23. bxc5 {[%emt 0:00:33]} Nxe3 {[%emt 0:00:27]} 24. Rxe3 {[%emt 0:00:20]} Rxd5 {[%emt 0:00:24]} 25. Rxd5 {[%emt 0:04:14]} cxd5 {[%emt 0:00:06]} 26. Rd3 {[%emt 0:00:37]} Rd8 {[%emt 0:00:18]} 27. g3 {[%emt 0:01:06]} f6 {[%emt 0:01:09]} 28. c6 {[%emt 0:01:46]} a6 {[%emt 0:00:05]} 29. c7 {[%emt 0:01:49]} Rc8 {[%emt 0:00:08]} 30. Rxd5 {[%emt 0:00:10]} Rxc7 {[%emt 0:00:06]} 31. a4 {[%emt 0:04:29]} bxa4 {[%emt 0:00:21]} 32. Ra5 {[%emt 0:00:09]} Rxc3 {[%emt 0:00:06]} 33. Rxa4 {[%emt 0:00:19]} Rc6 {[%emt 0:00:07]} 34. Kg2 {[%emt 0:00:08]} Kh7 {[%emt 0:00:17]} 35. h4 {[%emt 0:01:01]} g5 {[%emt 0:00:22]} 36. hxg5 {[%emt 0:02:10]} hxg5 {[%emt 0:00:08]} 37. g4 {[%emt 0:00:51]} Kg6 {[%emt 0:00:10]} 38. Ra5 {[%emt 0:01:02]} Kf7 {[%emt 0:00:12]} 39. Kf3 {[%emt 0:00:22]} Ke6 {[%emt 0:00:21]} 40. Ke4 {[%emt 0:00:20]} Kd6 {[%emt 0:00:21]} 41. f3 {[%emt 0:02:42]} Kc7 {[%emt 0:00:14]} 42. Kd5 {[%emt 0:00:34]} Rb6 {[%emt 0:00:43]} 43. Kc4 {[%emt 0:02:10]} Kb7 {[%emt 0:01:49]} 44. Rd5 {[%emt 0:01:07]} Rc6+ {[%emt 0:00:38]} 45. Kb4 {[%emt 0:00:29]} Kb6 {[%emt 0:00:26]} 46. Ka4 {[%emt 0:01:11]} a5 {[%emt 0:01:34]} 47. Rb5+ {[%emt 0:00:39]} Kc7 {[%emt 0:00:39]} 48. Rxa5 {[%emt 0:01:17]} Rc3 {[%emt 0:00:16]} 49. Ra7+ {[%emt 0:00:37]} Kd6 {[%emt 0:00:08]} 50. Kb4 {[%emt 0:00:29]} Rxf3 {[%emt 0:00:09]} 51. Ra6+ {[%emt 0:00:19]} Ke7 {[%emt 0:00:07]} 52. Kc5 {[%emt 0:00:42]} Rf4 {[%emt 0:00:15]} 53. Ra7+ {[%emt 0:00:28]} Ke6 {[%emt 0:00:06]} 54. Ra6+ {[%emt 0:00:07]} Kf7 {[%emt 0:00:09]} 55. Kd6 {[%emt 0:00:49]} Rxg4 {[%emt 0:00:21]} 56. Ra7+ {[%emt 0:00:29]} Kg6 {[%emt 0:00:07]} 57. Ke6 {[%emt 0:00:07]} Rf4 {[%emt 0:00:21]} 58. Ra8 {[%emt 0:00:25]} Kh5 {[%emt 0:00:09]} 59. Rh8+ {[%emt 0:01:00]} Kg4 {[%emt 0:00:07]} 60. Rg8 {[%emt 0:00:33]} e4 {[%emt 0:00:06] Ke5 e3+} 0-1

[Event "NOR-ch Youth 2019"]
[Site "Skien"]
[Date "2019.11.10"]
[Round "7.19"]
[White "Kierulf, Villum Brevick"]
[Black "Khoo-Thwe, Louis"]
[Result "1/2-1/2"]
[WhiteElo "1373"]
[BlackElo "1660"]
[Annotator "NA"]
[PlyCount "61"]
[EventDate "2019.11.08"]
[EventType "swiss"]
[EventCountry "NOR"]
[SourceTitle "playchess.com"]
[Source "ChessBase"]
[SourceQuality "1"]
[TimeControl "5400+30"]

1. Nf3 {[%emt 0:00:00]} Nf6 {[%emt 0:00:00]} 2. d4 {[%emt 0:00:00]} e6 {[%emt 0:00:00]} 3. e3 {[%emt 0:00:06]} b6 {[%emt 0:00:00]} 4. Bd3 {[%emt 0:00:37]} Bb7 {[%emt 0:00:04]} 5. Nbd2 {[%emt 0:00:07]} d5 {[%emt 0:00:07]} 6. O-O {[%emt 0:00:07]} Bd6 {[%emt 0:00:38]} 7. b3 {[%emt 0:00:07]} c5 {[%emt 0:00:00]} 8. Bb2 {[%emt 0:00:05]} Nc6 {[%emt 0:00:00]} 9. a3 {[%emt 0:00:09]} O-O {[%emt 0:00:08]} 10. Ne5 {[%emt 0:02:02]} Bxe5 {[%emt 0:00:53]} 11. dxe5 {[%emt 0:00:14]} Nd7 {[%emt 0:00:06]} 12. f4 {[%emt 0:01:06]} a6 {[%emt 0:01:44]} 13. c4 {[%emt 0:01:59]} dxc4 {[%emt 0:00:37]} 14. Nxc4 {[%emt 0:00:20]} Na5 {[%emt 0:06:06]} 15. Nxa5 {[%emt 0:03:54]} bxa5 {[%emt 0:00:06]} 16. Qc2 {[%emt 0:01:40]} g6 {[%emt 0:00:37]} 17. Rfd1 {[%emt 0:02:10]} Qc7 {[%emt 0:02:58]} 18. Rac1 {[%emt 0:03:48]} Rac8 {[%emt 0:02:49]} 19. b4 {[%emt 0:00:49]} axb4 {[%emt 0:00:16]} 20. axb4 {[%emt 0:00:13]} Qd8 {[%emt 0:01:23]} 21. bxc5 {[%emt 0:01:51]} Rxc5 {[%emt 0:01:32]} 22. Qe2 {[%emt 0:01:55]} Rxc1 {[%emt 0:01:36]} 23. Rxc1 {[%emt 0:01:23]} Qa8 {[%emt 0:07:12]} 24. Bd4 {[%emt 0:04:52]} Rc8 {[%emt 0:02:02]} 25. Rb1 {[%emt 0:01:45]} Nc5 {[%emt 0:01:51]} 26. Bxc5 {[%emt 0:02:08]} Rxc5 {[%emt 0:00:05]} 27. Qb2 {[%emt 0:00:17]} Rc7 {[%emt 0:02:53]} 28. Qb6 {[%emt 0:03:47]} Rd7 {[%emt 0:02:30]} 29. Bf1 {[%emt 0:01:41]} Kg7 {[%emt 0:02:11]} 30. Rb2 {[%emt 0:03:12]} Qc8 {[%emt 0:02:01]} 31. Qb3 {[%emt 0:03:07]} 1/2-1/2

[Event "NOR-ch Youth 2019"]
[Site "Skien"]
[Date "2019.11.10"]
[Round "7.20"]
[White "Salte, Hakon"]
[Black "Brattgjerd, Isak Vinh"]
[Result "0-1"]
[WhiteElo "1285"]
[BlackElo "1699"]
[Annotator "NA"]
[PlyCount "82"]
[EventDate "2019.11.08"]
[EventType "swiss"]
[EventCountry "NOR"]
[SourceTitle "playchess.com"]
[Source "ChessBase"]
[SourceQuality "1"]
[TimeControl "5400+30"]

1. e4 {[%emt 0:00:00]} c5 {[%emt 0:00:46]} 2. Nc3 {[%emt 0:00:00]} a6 {[%emt 0:00:38]} 3. a4 {[%emt 0:02:16]} d6 {[%emt 0:00:08]} 4. g3 {[%emt 0:01:38]} Nf6 {[%emt 0:00:16]} 5. Bg2 {[%emt 0:01:24]} Nc6 {[%emt 0:00:14]} 6. d3 {[%emt 0:01:18]} e6 {[%emt 0:00:50]} 7. f4 {[%emt 0:03:28]} d5 {[%emt 0:00:32]} 8. e5 {[%emt 0:02:11]} Nd7 {[%emt 0:00:09]} 9. Nf3 {[%emt 0:01:05]} Be7 {[%emt 0:00:43]} 10. O-O {[%emt 0:06:24]} Rb8 {[%emt 0:00:56]} 11. Bd2 {[%emt 0:05:04]} b5 {[%emt 0:03:32]} 12. axb5 {[%emt 0:02:10]} axb5 {[%emt 0:00:54]} 13. Ne2 {[%emt 0:04:32]} Bb7 {[%emt 0:06:44]} 14. d4 {[%emt 0:01:10]} c4 {[%emt 0:00:42]} 15. c3 {[%emt 0:02:00]} Na5 {[%emt 0:05:32]} 16. Nc1 {[%emt 0:02:40]} Qb6 {[%emt 0:02:09]} 17. b4 {[%emt 0:03:24]} cxb3 {[%emt 0:01:58]} 18. Nxb3 {[%emt 0:00:18]} Nc4 {[%emt 0:00:07]} 19. Qe2 {[%emt 0:06:06]} Rc8 {[%emt 0:06:53]} 20. Rfc1 {[%emt 0:03:54]} Ba6 {[%emt 0:04:40]} 21. Bf1 {[%emt 0:04:46]} Ra8 {[%emt 0:03:37]} 22. Qe1 {[%emt 0:06:46]} O-O {[%emt 0:03:08]} 23. Be3 {[%emt 0:02:32]} Rfb8 {[%emt 0:04:55]} 24. Bxc4 {[%emt 0:05:26]} bxc4 {[%emt 0:00:41]} 25. Nbd2 {[%emt 0:01:03]} Qc6 {[%emt 0:02:03]} 26. Rcb1 {[%emt 0:02:20]} Nb6 {[%emt 0:01:45]} 27. g4 {[%emt 0:02:33]} g6 {[%emt 0:04:12]} 28. g5 {[%emt 0:01:40]} Bb5 {[%emt 0:02:25]} 29. h4 {[%emt 0:01:15]} Ba4 {[%emt 0:02:22]} 30. Rc1 {[%emt 0:01:27]} Bb3 {[%emt 0:01:21]} 31. Rab1 {[%emt 0:01:26]} Na4 {[%emt 0:02:50]} 32. Qg3 {[%emt 0:01:47]} Ba3 {[%emt 0:00:54]} 33. Rf1 {[%emt 0:04:08]} Nxc3 {[%emt 0:01:00]} 34. Rbe1 {[%emt 0:00:08]} Bc2 {[%emt 0:03:22]} 35. Qh2 {[%emt 0:00:41]} Ne4 {[%emt 0:02:12]} 36. Nxe4 {[%emt 0:00:37]} Bxe4 {[%emt 0:00:05]} 37. h5 {[%emt 0:00:11]} c3 {[%emt 0:01:37]} 38. hxg6 {[%emt 0:01:38]} fxg6 {[%emt 0:00:12]} 39. Qh6 {[%emt 0:00:54]} Bf8 {[%emt 0:00:13]} 40. Qh4 {[%emt 0:00:19]} Ra2 {[%emt 0:00:24]} 41. Nh2 {[%emt 0:01:23]} Rg2+ {[%emt 0:00:13]} 0-1

[Event "NOR-ch Youth 2019"]
[Site "Skien"]
[Date "2019.11.10"]
[Round "7.21"]
[White "Furulund, Eirik Eikeland"]
[Black "Ostensen, Nicolai Maxime"]
[Result "1/2-1/2"]
[WhiteElo "1125"]
[BlackElo "1691"]
[Annotator "NA"]
[PlyCount "132"]
[EventDate "2019.11.08"]
[EventType "swiss"]
[EventCountry "NOR"]
[SourceTitle "playchess.com"]
[Source "ChessBase"]
[SourceQuality "1"]
[TimeControl "5400+30"]

1. e4 {[%emt 0:00:00]} d6 {[%emt 0:00:00]} 2. d4 {[%emt 0:00:00]} Nf6 {[%emt 0:00:00]} 3. Nc3 {[%emt 0:00:07]} g6 {[%emt 0:00:00]} 4. Bc4 {[%emt 0:00:18]} Bg7 {[%emt 0:00:00]} 5. Nf3 {[%emt 0:00:35]} O-O {[%emt 0:00:08]} 6. O-O {[%emt 0:00:23]} Bg4 {[%emt 0:00:02]} 7. h3 {[%emt 0:00:18]} Bxf3 {[%emt 0:00:05]} 8. Qxf3 {[%emt 0:00:18]} Nbd7 {[%emt 0:00:31]} 9. Be3 {[%emt 0:00:45]} c6 {[%emt 0:00:32]} 10. Rad1 {[%emt 0:02:12]} b5 {[%emt 0:00:25]} 11. Be2 {[%emt 0:00:41]} Re8 {[%emt 0:03:17]} 12. Bf4 {[%emt 0:03:21]} b4 {[%emt 0:02:14]} 13. Nb1 {[%emt 0:00:47]} Nh5 {[%emt 0:02:20]} 14. Bc4 {[%emt 0:01:15]} Nb6 {[%emt 0:03:46]} 15. Bb3 {[%emt 0:00:32]} Nxf4 {[%emt 0:00:18]} 16. Qxf4 {[%emt 0:00:17]} e6 {[%emt 0:00:34]} 17. c3 {[%emt 0:03:53]} bxc3 {[%emt 0:01:32]} 18. Nxc3 {[%emt 0:00:43]} d5 {[%emt 0:00:56]} 19. e5 {[%emt 0:00:27]} Rc8 {[%emt 0:00:42]} 20. Na4 {[%emt 0:02:08]} Nxa4 {[%emt 0:00:54]} 21. Bxa4 {[%emt 0:00:20]} Qa5 {[%emt 0:00:08]} 22. Bb3 {[%emt 0:00:27]} c5 {[%emt 0:01:31]} 23. dxc5 {[%emt 0:01:01]} Rxc5 {[%emt 0:00:45]} 24. Qa4 {[%emt 0:01:38]} Qxa4 {[%emt 0:00:12]} 25. Bxa4 {[%emt 0:00:07]} Rec8 {[%emt 0:00:04]} 26. f4 {[%emt 0:00:31]} Kf8 {[%emt 0:00:51]} 27. Bb3 {[%emt 0:00:28]} Ke7 {[%emt 0:00:08]} 28. Kf2 {[%emt 0:00:27]} a5 {[%emt 0:01:17]} 29. a3 {[%emt 0:02:39]} Rb8 {[%emt 0:01:17]} 30. Rd3 {[%emt 0:01:25]} Rcb5 {[%emt 0:00:33]} 31. Bd1 {[%emt 0:00:28]} Rxb2+ {[%emt 0:00:09]} 32. Ke3 {[%emt 0:00:57]} Rxg2 {[%emt 0:00:52]} 33. Rf2 {[%emt 0:00:50]} Rxf2 {[%emt 0:00:11]} 34. Kxf2 {[%emt 0:00:08]} Rb2+ {[%emt 0:00:17]} 35. Kg3 {[%emt 0:00:37]} h6 {[%emt 0:01:30]} 36. Bf3 {[%emt 0:01:00]} g5 {[%emt 0:00:08]} 37. fxg5 {[%emt 0:00:44]} hxg5 {[%emt 0:00:27]} 38. Re3 {[%emt 0:00:35]} d4 {[%emt 0:00:34]} 39. Rd3 {[%emt 0:02:03]} Bxe5+ {[%emt 0:00:09]} 40. Kg4 {[%emt 0:00:51]} f6 {[%emt 0:00:35]} 41. h4 {[%emt 0:02:09]} gxh4 {[%emt 0:00:10]} 42. Kxh4 {[%emt 0:00:09]} Kd6 {[%emt 0:00:01]} 43. Kg4 {[%emt 0:01:39]} Rc2 {[%emt 0:00:19]} 44. Rb3 {[%emt 0:01:16]} Rc3 {[%emt 0:00:08]} 45. Rb6+ {[%emt 0:00:58]} Kd7 {[%emt 0:00:27]} 46. Rb7+ {[%emt 0:00:49]} Bc7 {[%emt 0:00:21]} 47. a4 {[%emt 0:00:38]} d3 {[%emt 0:00:11]} 48. Rb1 {[%emt 0:00:47]} Rc4+ {[%emt 0:00:21]} 49. Kh3 {[%emt 0:00:33]} Rxa4 {[%emt 0:00:23]} 50. Bd1 {[%emt 0:00:55]} Ra3 {[%emt 0:00:14]} 51. Rb3 {[%emt 0:00:45]} Rxb3 {[%emt 0:00:15]} 52. Bxb3 {[%emt 0:00:06]} Kd6 {[%emt 0:00:00]} 53. Kg3 {[%emt 0:00:26]} Kc5+ {[%emt 0:00:13]} 54. Kf3 {[%emt 0:00:12]} Kd4 {[%emt 0:00:17]} 55. Bd1 {[%emt 0:00:25]} Kc3 {[%emt 0:00:04]} 56. Ke3 {[%emt 0:00:20]} Bb6+ {[%emt 0:00:12]} 57. Kf3 {[%emt 0:00:21]} Kd2 {[%emt 0:00:17]} 58. Ba4 {[%emt 0:00:19]} Kc1 {[%emt 0:00:13]} 59. Bb3 {[%emt 0:00:16]} d2 {[%emt 0:00:06]} 60. Ke2 {[%emt 0:00:08]} f5 {[%emt 0:00:09]} 61. Ba4 {[%emt 0:00:25]} e5 {[%emt 0:00:48]} 62. Bb3 {[%emt 0:00:41]} e4 {[%emt 0:00:04]} 63. Ba4 {[%emt 0:00:06]} f4 {[%emt 0:00:03]} 64. Bb3 {[%emt 0:00:15]} f3+ {[%emt 0:00:05]} 65. Kf1 {[%emt 0:00:11]} d1=Q+ {[%emt 0:00:06]} 66. Bxd1 {[%emt 0:00:11]} Kxd1 {[%emt 0:00:03] Ke1+} 1/2-1/2

[Event "NOR-ch Youth 2019"]
[Site "Skien"]
[Date "2019.11.10"]
[Round "7.22"]
[White "Haug, Havard"]
[Black "Ji, Jiahao Eric"]
[Result "1/2-1/2"]
[WhiteElo "1544"]
[BlackElo "1667"]
[Annotator "NA"]
[PlyCount "204"]
[EventDate "2019.11.08"]
[EventType "swiss"]
[EventCountry "NOR"]
[SourceTitle "playchess.com"]
[Source "ChessBase"]
[SourceQuality "1"]
[TimeControl "5400+30"]

1. e4 {[%emt 0:00:00]} e6 {[%emt 0:00:00]} 2. d3 {[%emt 0:00:00]} d5 {[%emt 0:02:18]} 3. Nd2 {[%emt 0:02:39]} g6 {[%emt 0:03:46]} 4. g3 {[%emt 0:02:06]} Bg7 {[%emt 0:00:00]} 5. Bg2 {[%emt 0:01:25]} Nf6 {[%emt 0:00:00]} 6. f4 {[%emt 0:02:34]} c6 {[%emt 0:05:01]} 7. Ngf3 {[%emt 0:02:22]} dxe4 {[%emt 0:01:02]} 8. Nxe4 {[%emt 0:01:10]} Nxe4 {[%emt 0:02:47]} 9. dxe4 {[%emt 0:05:00]} Qxd1+ {[%emt 0:02:18]} 10. Kxd1 {[%emt 0:01:30]} Ke7 {[%emt 0:02:43]} 11. c3 {[%emt 0:01:40]} Rd8+ {[%emt 0:00:20]} 12. Ke2 {[%emt 0:00:32]} Nd7 {[%emt 0:01:36]} 13. Be3 {[%emt 0:02:40]} Nb6 {[%emt 0:17:15]} 14. Bxb6 {[%emt 0:01:39]} axb6 {[%emt 0:00:17]} 15. a3 {[%emt 0:00:47]} Bd7 {[%emt 0:00:49]} 16. Rad1 {[%emt 0:00:59]} c5 {[%emt 0:00:35]} 17. h4 {[%emt 0:04:42]} h5 {[%emt 0:01:04]} 18. e5 {[%emt 0:02:33]} Bc6 {[%emt 0:03:07]} 19. Rxd8 {[%emt 0:01:53]} Rxd8 {[%emt 0:00:10]} 20. Rd1 {[%emt 0:00:11]} Bd5 {[%emt 0:03:24]} 21. Kf2 {[%emt 0:05:00]} Bxf3 {[%emt 0:03:43]} 22. Rxd8 {[%emt 0:00:40]} Bxg2 {[%emt 0:03:48]} 23. Rc8 {[%emt 0:04:08]} Bd5 {[%emt 0:00:49]} 24. Rc7+ {[%emt 0:00:14]} Ke8 {[%emt 0:00:07]} 25. Rc8+ {[%emt 0:00:55]} Ke7 {[%emt 0:00:02]} 26. c4 {[%emt 0:02:36]} Bc6 {[%emt 0:01:11]} 27. Rc7+ {[%emt 0:01:46]} Ke8 {[%emt 0:00:13]} 28. b4 {[%emt 0:00:45]} cxb4 {[%emt 0:01:17]} 29. axb4 {[%emt 0:01:41]} Bf8 {[%emt 0:00:22]} 30. Rc8+ {[%emt 0:00:24]} Ke7 {[%emt 0:01:10]} 31. c5 {[%emt 0:02:01]} b5 {[%emt 0:00:54]} 32. Ke3 {[%emt 0:03:52]} Bg7 {[%emt 0:00:00]} 33. Kd4 {[%emt 0:00:40]} Kd7 {[%emt 0:03:52]} 34. Rg8 {[%emt 0:02:48]} Ke7 {[%emt 0:00:26]} 35. Rc8 {[%emt 0:00:44]} Kd7 {[%emt 0:00:06]} 36. Rb8 {[%emt 0:00:13]} Ke7 {[%emt 0:00:36]} 37. Ra8 {[%emt 0:03:37]} Kd7 {[%emt 0:00:12]} 38. Ke3 {[%emt 0:01:39]} Ke7 {[%emt 0:01:28]} 39. Kf2 {[%emt 0:01:54]} Bh6 {[%emt 0:01:53]} 40. Ke3 {[%emt 0:01:05]} Bg7 {[%emt 0:05:30]} 41. Rc8 {[%emt 0:03:29]} Kd7 {[%emt 0:00:29]} 42. Rb8 {[%emt 0:00:28]} Ke7 {[%emt 0:00:07]} 43. Kd4 {[%emt 0:03:37]} Kd7 {[%emt 0:00:02]} 44. Ra8 {[%emt 0:02:33]} Ke7 {[%emt 0:01:51]} 45. Ra1 {[%emt 0:00:58]} f6 {[%emt 0:04:10]} 46. Rg1 {[%emt 0:03:05]} f5 {[%emt 0:01:18]} 47. Ra1 {[%emt 0:03:45]} Kf7 {[%emt 0:00:12]} 48. Ra8 {[%emt 0:00:18]} Ke7 {[%emt 0:00:05]} 49. Rc8 {[%emt 0:00:17]} Kf7 {[%emt 0:00:09]} 50. Rc7+ {[%emt 0:00:43]} Kf8 {[%emt 0:00:18]} 51. Kd3 {[%emt 0:00:22]} Bh6 {[%emt 0:01:07]} 52. Rc8+ {[%emt 0:01:09]} Kf7 {[%emt 0:00:31]} 53. Rd8 {[%emt 0:01:45]} Ke7 {[%emt 0:00:41]} 54. Rc8 {[%emt 0:00:11]} Kf7 {[%emt 0:00:08]} 55. Ke3 {[%emt 0:01:31]} Ke7 {[%emt 0:00:45]} 56. Rh8 {[%emt 0:00:28]} Bg7 {[%emt 0:00:08]} 57. Rc8 {[%emt 0:00:20]} Bh6 {[%emt 0:00:21]} 58. Rh8 {[%emt 0:00:32]} Bg7 {[%emt 0:00:02]} 59. Rg8 {[%emt 0:00:26]} Kf7 {[%emt 0:00:01]} 60. Rb8 {[%emt 0:01:53]} Ke7 {[%emt 0:00:22]} 61. Rc8 {[%emt 0:00:37]} Bh6 {[%emt 0:00:24]} 62. Ra8 {[%emt 0:02:46]} Bg7 {[%emt 0:00:38]} 63. Ra1 {[%emt 0:00:48]} Kf7 {[%emt 0:00:24]} 64. Ra8 {[%emt 0:00:24]} Ke7 {[%emt 0:00:08]} 65. Rc8 {[%emt 0:00:04]} Kf7 {[%emt 0:00:51]} 66. Rc7+ {[%emt 0:00:07]} Kf8 {[%emt 0:00:06]} 67. Kd3 {[%emt 0:01:40]} Bh6 {[%emt 0:00:11]} 68. Rc8+ {[%emt 0:04:21]} Kf7 {[%emt 0:00:10]} 69. Rd8 {[%emt 0:00:07]} Ke7 {[%emt 0:00:15]} 70. Rh8 {[%emt 0:01:21]} Bg7 {[%emt 0:00:11]} 71. Ra8 {[%emt 0:01:25]} Bh6 {[%emt 0:00:19]} 72. Ra1 {[%emt 0:00:20]} Bg7 {[%emt 0:00:06]} 73. Kc3 {[%emt 0:00:08]} Kf7 {[%emt 0:00:48]} 74. Rd1 {[%emt 0:00:19]} Ke7 {[%emt 0:00:10]} 75. Rd2 {[%emt 0:00:15]} Kf7 {[%emt 0:00:16]} 76. Rd6 {[%emt 0:00:11]} Ke7 {[%emt 0:00:08]} 77. Rd1 {[%emt 0:00:51]} Kf7 {[%emt 0:00:09]} 78. Rd8 {[%emt 0:01:01]} Ke7 {[%emt 0:00:12]} 79. Rc8 {[%emt 0:00:52]} Kf7 {[%emt 0:00:25]} 80. Rc7+ {[%emt 0:00:12]} Kf8 {[%emt 0:00:11]} 81. Rc8+ {[%emt 0:01:54]} Kf7 {[%emt 0:00:13]} 82. Rc7+ {[%emt 0:00:13]} Kf8 {[%emt 0:00:10]} 83. Kd2 {[%emt 0:00:08]} Bh6 {[%emt 0:00:06]} 84. Ke1 {[%emt 0:00:07]} Bg7 {[%emt 0:00:13]} 85. Kf2 {[%emt 0:00:09]} Bh6 {[%emt 0:00:12]} 86. Rc8+ {[%emt 0:01:02]} Kf7 {[%emt 0:01:37]} 87. Rd8 {[%emt 0:00:34]} Ke7 {[%emt 0:00:23]} 88. Rh8 {[%emt 0:01:17]} Bg7 {[%emt 0:00:05]} 89. Rc8 {[%emt 0:01:06]} Kf7 {[%emt 0:00:11]} 90. Rb8 {[%emt 0:00:04]} Ke7 {[%emt 0:00:06]} 91. Ke3 {[%emt 0:00:15]} Kf7 {[%emt 0:00:10]} 92. Kd4 {[%emt 0:00:38]} Ke7 {[%emt 0:00:09]} 93. Rc8 {[%emt 0:00:21]} Kf7 {[%emt 0:00:06]} 94. Rc7+ {[%emt 0:00:59]} Kf8 {[%emt 0:00:09]} 95. Ke3 {[%emt 0:00:12]} Bh6 {[%emt 0:00:06]} 96. Ke2 {[%emt 0:00:03]} Bg7 {[%emt 0:00:07]} 97. Kd2 {[%emt 0:00:16]} Bh6 {[%emt 0:00:07]} 98. Rc8+ {[%emt 0:00:14]} Kf7 {[%emt 0:00:09]} 99. Kc2 {[%emt 0:00:29]} Bg7 {[%emt 0:00:11]} 100. Kb3 {[%emt 0:00:20]} Ke7 {[%emt 0:00:09]} 101. Rc7+ {[%emt 0:00:21]} Kf8 {[%emt 0:00:07]} 102. Kc2 {[%emt 0:00:55]} Bh6 {[%emt 0:00:14]} 1/2-1/2

[Event "NOR-ch Youth 2019"]
[Site "Skien"]
[Date "2019.11.10"]
[Round "7.23"]
[White "Myagmarsuren, Evsuld"]
[Black "Anfindsen, Andreas Gautestad"]
[Result "1-0"]
[WhiteElo "1471"]
[BlackElo "1121"]
[Annotator "NA"]
[PlyCount "69"]
[EventDate "2019.11.08"]
[EventType "swiss"]
[EventCountry "NOR"]
[SourceTitle "playchess.com"]
[Source "ChessBase"]
[SourceQuality "1"]
[TimeControl "5400+30"]

1. e4 {[%emt 0:00:00]} c5 {[%emt 0:00:00]} 2. Nf3 {[%emt 0:00:11]} Nc6 {[%emt 0:00:00]} 3. d4 {[%emt 0:00:51]} cxd4 {[%emt 0:00:00]} 4. Nxd4 {[%emt 0:00:36]} Nf6 {[%emt 0:00:01]} 5. Nc3 {[%emt 0:00:19]} d6 {[%emt 0:00:08]} 6. Be3 {[%emt 0:01:03]} e5 {[%emt 0:00:15]} 7. Nb3 {[%emt 0:01:20]} Be7 {[%emt 0:00:13]} 8. f3 {[%emt 0:00:40]} O-O {[%emt 0:00:10]} 9. Qd2 {[%emt 0:00:05]} a5 {[%emt 0:00:36]} 10. Bb5 {[%emt 0:07:24]} Na7 {[%emt 0:00:12]} 11. Bc4 {[%emt 0:03:48]} Be6 {[%emt 0:02:14]} 12. Bxe6 {[%emt 0:01:26]} fxe6 {[%emt 0:00:09]} 13. O-O-O {[%emt 0:00:08]} Qd7 {[%emt 0:16:18]} 14. Nc5 {[%emt 0:08:29]} Qc8 {[%emt 0:05:44]} 15. N5a4 {[%emt 0:02:18]} Nd7 {[%emt 0:06:41]} 16. h4 {[%emt 0:04:27]} b5 {[%emt 0:01:28]} 17. Nb6 {[%emt 0:01:37]} Nxb6 {[%emt 0:00:12]} 18. Bxb6 {[%emt 0:00:07]} b4 {[%emt 0:01:01]} 19. Nb1 {[%emt 0:01:28]} Qc6 {[%emt 0:01:01]} 20. Be3 {[%emt 0:02:48]} Qa4 {[%emt 0:06:31]} 21. h5 {[%emt 0:09:10]} Qxa2 {[%emt 0:02:30]} 22. g4 {[%emt 0:07:55]} b3 {[%emt 0:04:19]} 23. c3 {[%emt 0:01:11]} Rxf3 {[%emt 0:01:54]} 24. g5 {[%emt 0:01:04]} Nb5 {[%emt 0:05:28]} 25. g6 {[%emt 0:01:00]} h6 {[%emt 0:00:19]} 26. Bxh6 {[%emt 0:01:52]} Rc8 {[%emt 0:20:11]} 27. Be3 {[%emt 0:02:57]} Rg3 {[%emt 0:14:18]} 28. h6 {[%emt 0:09:34]} Qa1 {[%emt 0:07:02]} 29. hxg7 {[%emt 0:01:03]} Kxg7 {[%emt 0:00:24]} 30. Rh7+ {[%emt 0:02:06]} Kxg6 {[%emt 0:00:57]} 31. Qh2 {[%emt 0:01:48]} Rxc3+ {[%emt 0:03:16]} 32. bxc3 {[%emt 0:00:25]} b2+ {[%emt 0:00:19]} 33. Kd2 {[%emt 0:03:16]} Bg5 {[%emt 0:01:19]} 34. Qh5+ {[%emt 0:00:07]} Kf6 {[%emt 0:00:17]} 35. Rf7# {[%emt 0:00:09]} 1-0